| 000 | 00779nam a22002417a 4500 | ||
|---|---|---|---|
| 005 | 20170124110207.0 | ||
| 010 | _aB-083046 | ||
| 020 |
_c00.00 _a8122411495 |
||
| 035 | _aB-083046 | ||
| 037 | _bCen Lib/Ret | ||
| 040 |
_aDPL _bEN |
||
| 082 |
_a629.8312 _bRAO |
||
| 100 |
_aRoa, Singiresu S. _937624 |
||
| 245 |
_aEngineering optimization : _cby Singiresu S. Rao _btheory and practice / |
||
| 250 | _a3rd ed | ||
| 260 |
_aNew Delhi _bNew Age International Publishers _c2003 |
||
| 270 |
_a4835/24, Ansari Road, Dariya Ganj _bNew Delhi _e110002 |
||
| 300 |
_axxii, 903p. _c21cm(Hb) |
||
| 500 | _aIncludes appendix and index | ||
| 650 |
_aMathematical optimization _992397 |
||
| 650 |
_aEngineering design _934005 |
||
| 942 |
_2ddc _cEN _h629.8312 _mRAO |
||
| 999 |
_c133330 _d133330 |
||